00558nam a22002057a 4500003000500000005001700005008004100022010001000063011001000073035001000083040000900093082001500102100002300117245004300140260003300183300002000216490003900236650003800275830003900313CHAP20220817042337.0971013s1987 r 00010 d a41533 a42505 a46634 cCHAP a633.61bH400aHeinz, Don J.eed. aSugarcane improvement through breeding aAmsterdam :bElsevier,c1987 a603 p.b: ilus. aDevelopments in crop sciencev; 1114aCaña de azúcarxMejoramiento.0 aDevelopments in crop sciencev; 11